Interstellar- The Movie - Statistics

General Stats
  • This quiz has been taken 1,057 times
  • The average score is 9 of 14
Answer Stats
Hint Answer % Correct
Named after a certain law Murphy Cooper
92%
How many worlds were found to be hospitable? 3
86%
Main Character Joseph Cooper
86%
When was the film released? 7th November 2014
82%
Who directed the film? Christopher Nolan
75%
How many astronauts participated in the lazarus missions? 12
72%
What was the name of the main former us marine tactical robot? Tars
72%
What planet was the wormhole spotted beside? Saturn
64%
What form of communication was used to communicate the singularity's data at the end of the film? Morse Code
57%
Nasa Scientists Daughter Dr.Amelia Brand
56%
Main Character's son Tom Cooper
44%
What astronaut visited the water planet? Miller
42%
How long did it take to get to this planet? 2 years
37%
Head Nasa Scientist Professor Brand
16%
No matching quizzes found
Score Distribution
Percent of People with Each Score
Percentile by Number Answered
Your Score History
You have not taken this quiz